Japanese counting Quiz Stats

 Plays Quiz not verified by Sporcle

Challenge
Share
Tweet
Embed
Score 0/10 Timer 10:00
0 Plays Today
% Correct
Ichi
98.9%
Ni
98.8%
San
98.6%
Go
95.6%
Shi
94.7%
Roku
94%
Hachi
91.5%
Shichi
90.3%
Ju
90.3%
Kyu
86%

You're not logged in!

Compare scores with friends on all Sporcle quizzes.
Join for Free
OR
Log In

You Might Also Like...

Show Comments

Extras

Created Jan 25, 2011ReportNominate
Tags:Japanese Quiz, Nintendo Quiz

Top Quizzes Today


Score Distribution

Your Account Isn't Verified!

In order to create a playlist on Sporcle, you need to verify the email address you used during registration. Go to your Sporcle Settings to finish the process.

Report this User

Report this user for behavior that violates our Community Guidelines.

Details: